00749nam a2200241 a 4500001001300000003000900013005001700022008004100039020002300080082001300103100002000116245006000136260004000196300000900236500003500245505001800280650002800298700002000326902000800346942000700354952012900361999001700490nice12345678IN_TiNIC20260116014122.0110502s2011 newa grp 000 0 eng  a9788125041993c10000a150bNAY aNayar, Pramod K aStates of Sentimentb Exploring the Cultures of Emotion aNew Delhi bOrient Blackswan c2011 a291p aincludes index and biblioraphy2 abiblio, index aPsychology-Human Nature1 aNayar, Pramod K bSRS cBK 001040708StackRoom-aHMIbHMId2011-05-02g100.00l1m2o150 NAYp023616r2018-03-22s2017-09-08v100.00w2011-05-02yBK c13960d13960